| 000 | 00519nam a2200181Ia 4500 | ||
|---|---|---|---|
| 999 |
_c1673 _d1673 |
||
| 003 | OSt | ||
| 005 | 20200928105337.0 | ||
| 008 | 190216s9999||||xx |||||||||||||| ||und|| | ||
| 020 | _a0706999126 | ||
| 040 | _coclc | ||
| 082 |
_a582 _bBHO/E |
||
| 100 |
_aBhojwani, S S _94825 |
||
| 245 | 0 |
_aThe Embryology Of Angiosperms / _cS S Bhojwani ; S P Bhatnagar |
|
| 260 |
_bVikas Publishing House, _c2005. _aNew Delhi: |
||
| 300 | _a357p | ||
| 650 | _aBotany | ||
| 942 |
_cBK _2ddc _h582 _iBHO/E _k582 _mBHO/E |
||